01148nam a2200193Ia 4500001001000000003001000010008004100020040002500061041001400086100002200100245007400122250001100196260007700207300001200284500026000296501011400556520026000670650002400930L230-5724IT-CnALBA170116s9999||||xx |||||||||||||| ||und|| aIT-CnALBAcIT-CnALBA aSPAGNOLO  aBERTHIER J., M.S. 0aCONSULTOR DEL CLERO. MANUAL DE TEOLOGIA DOGMATICA, MORAL Y PASTORAL.  a5a ed. aBARCELONAbEDITORIAL LITURG. ESPAGNOLA BARCELLONA'c1936 [1° Ed.: n.d.] a910 p.  aNOZIONI DI DIRITTO CANONICO. LITURGIA TEOLOGIA MISTICA FILOSOFIA CRISTIANA. CONFRONTA PER GLI ARGOMENTI DOCUMENTO 5723. CURATORE DE ARQUER MIGUEL. INDICE ALFABETICO DELLA MATERIA. DOGMATICA GENERALE, SPECIALE. NATURA DI DIO. DIO E MONDO. DIO CREATORE REDE aSocietà San Paolo EM - Piazza San Paolo, 14 - 12051 ALBA (CN) (non commercial uses only) ® Copyright 2017 aNOZIONI DI DIRITTO CANONICO. LITURGIA TEOLOGIA MISTICA FILOSOFIA CRISTIANA. CONFRONTA PER GLI ARGOMENTI DOCUMENTO 5723. CURATORE DE ARQUER MIGUEL. INDICE ALFABETICO DELLA MATERIA. DOGMATICA GENERALE, SPECIALE. NATURA DI DIO. DIO E MONDO. DIO CREATORE REDE aDOGMATICA CRISTIANA